[Event "Karl Mala Memorial op-A 17th"]
[Site "Frankfurt"]
[Date "2014.08.02"]
[Round "5"]
[White "Soppa, Christoph"]
[Black "Vaintroub, Maximilian"]
[Result "1-0"]
[WhiteElo "1868"]
[BlackElo "1734"]
[PlyCount "83"]
[EventDate "2014.07.31"]
[EventType "swiss"]
[EventRounds "7"]
[EventCountry "GER"]
[SourceTitle "EXT 2015"]
[Source "ChessBase"]
[SourceDate "2014.11.20"]
[SourceVersion "1"]
[SourceVersionDate "2014.11.20"]
[SourceQuality "1"]

1. d4 Nf6 2. c4 e6 3. Nc3 Bb4 4. Qc2 0-0 5. Nf3 b6 6. a3 Bxc3+ 7. Qxc3 d6 8. g3 Bb7 9. Bg2 c5 10. dxc5 dxc5 11. Bg5 Nbd7 12. Rd1 Qc7 13. 0-0 Ne4 14. Qd3 Nxg5 15. Nxg5 Nf6 16. Qd6 Qxd6 17. Rxd6 Bxg2 18. Kxg2 Rfd8 19. Rfd1 Rxd6 20. Rxd6 Kf8 21. Kf3 Ke7 22. Rd2 h6 23. Ne4 Nxe4 24. Kxe4 Rd8 25. Rxd8 Kxd8 26. g4 Ke7 27. h4 f6 28. f4 g6 29. Kf3 Kd6 30. e4 a6 31. a4 g5 32. hxg5 fxg5 33. e5+ Kc6 34. f5 exf5 35. gxf5 Kd7 36. Kg4 Ke7 37. e6 Kf6 38. Kh5 Kg7 39. e7 Kf7 40. f6 a5 41. b3 g4 42. Kxg4 1-0

[Event "Forchheim op-B 12th"]
[Site "Forchheim"]
[Date "2013.09.27"]
[Round "1"]
[White "Koelbl, Wolfgang"]
[Black "Vaintroub, Maximilian"]
[Result "1-0"]
[WhiteElo "1889"]
[BlackElo "1766"]
[PlyCount "85"]
[EventDate "2013.09.27"]
[EventType "swiss"]
[EventRounds "5"]
[EventCountry "GER"]
[SourceTitle "EXT 2019"]
[Source "ChessBase"]
[SourceDate "2018.10.10"]
[SourceVersion "1"]
[SourceVersionDate "2018.10.10"]
[SourceQuality "1"]

1. d4 Nf6 2. Nf3 e6 3. Bg5 Be7 4. e3 d5 5. Bd3 b6 6. Ne5 Bb7 7. Nd2 0-0 8. Qf3 Nbd7 9. c3 Nxe5 10. dxe5 Nd7 11. Bf4 Nc5 12. Bb1 d4 13. Qh3 d3 14. 0-0 Ne4 15. Rd1 Bh4 16. Nxe4 Bxe4 17. f3 Bf5 18. g4 Bg6 19. Qf1 Bg5 20. Bxd3 Bxf4 21. exf4 Qe7 22. Qf2 Rad8 23. Be2 Bc2 24. Rxd8 Rxd8 25. Bb5 Bd3 26. Ba4 Bc4 27. a3 b5 28. Bc2 a5 29. Rd1 Rxd1+ 30. Bxd1 Qd7 31. Qd4 Qxd4+ 32. cxd4 a4 33. Kf2 Kf8 34. Be2 Bxe2 35. Kxe2 g6 36. Ke3 Ke7 37. Ke4 f5+ 38. exf6+ Kxf6 39. d5 Ke7 40. Ke5 c6 41. dxc6 Kd8 42. Kxe6 Kc7 43. Kd5 1-0

[Event "Karl Mala Memorial op-A 16th"]
[Site "Frankfurt"]
[Date "2013.07.12"]
[Round "3"]
[White "Seifert, Norbert"]
[Black "Vaintroub, Maximilian"]
[Result "0-1"]
[WhiteElo "2016"]
[BlackElo "1743"]
[PlyCount "56"]
[EventDate "2013.07.11"]
[EventType "swiss"]
[EventRounds "7"]
[EventCountry "GER"]
[SourceTitle "EXT 2014"]
[Source "ChessBase"]
[SourceDate "2013.11.20"]
[SourceVersion "1"]
[SourceVersionDate "2013.11.20"]
[SourceQuality "1"]

1. f4 d5 2. Nf3 c5 3. e3 Nc6 4. b3 e6 5. Bb2 Nf6 6. Be2 Be7 7. 0-0 0-0 8. Qe1 Qc7 9. Na3 a6 10. c4 Rd8 11. Nc2 d4 12. exd4 cxd4 13. Bd3 Bd6 14. g3 e5 15. fxe5 Nxe5 16. Nxe5 Bxe5 17. Bf5 Re8 18. Qf2 Bxf5 19. Qxf5 Bxg3 20. Nxd4 Bxh2+ 21. Kh1 Ne4 22. Qg4 Ng3+ 23. Kg2 Nxf1 24. Qxg7+ Kxg7 25. Ne6+ Kg8 26. Nxc7 Bxc7 27. Rxf1 Re2+ 28. Kf3 Re6 0-1

[Event "Karl Mala Memorial op-A 16th"]
[Site "Frankfurt"]
[Date "2013.07.11"]
[Round "1"]
[White "Mertens, Klaus"]
[Black "Vaintroub, Maximilian"]
[Result "1-0"]
[WhiteElo "2051"]
[BlackElo "1743"]
[PlyCount "51"]
[EventDate "2013.07.11"]
[EventType "swiss"]
[EventRounds "7"]
[EventCountry "GER"]
[SourceTitle "EXT 2014"]
[Source "ChessBase"]
[SourceDate "2013.11.20"]
[SourceVersion "1"]
[SourceVersionDate "2013.11.20"]
[SourceQuality "1"]

1. Nf3 Nf6 2. g3 e6 3. c4 b6 4. Bg2 Bb7 5. 0-0 d6 6. b3 c5 7. Bb2 Be7 8. Qc2 Nc6 9. a3 h6 10. Nc3 a6 11. e3 Qc7 12. Rfd1 0-0 13. d4 Rfd8 14. d5 Na7 15. e4 b5 16. Re1 b4 17. Nd1 Nc8 18. e5 Ne8 19. dxe6 fxe6 20. axb4 cxb4 21. Qg6 Qd7 22. Bh3 Qc6 23. Bxe6+ Kh8 24. Bf5 Kg8 25. Qh7+ Kf8 26. Be6 1-0

[Event "Rhein Main op-A 16th"]
[Site "Bad Homburg"]
[Date "2013.05.30"]
[Round "2"]
[White "Wiesebach, Wolfgang"]
[Black "Vaintroub, Maximilian"]
[Result "1-0"]
[WhiteElo "1945"]
[BlackElo "1734"]
[PlyCount "151"]
[EventDate "2013.05.29"]
[EventType "swiss"]
[EventRounds "7"]
[EventCountry "GER"]
[SourceTitle "EXT 2014"]
[Source "ChessBase"]
[SourceDate "2013.11.20"]
[SourceVersion "1"]
[SourceVersionDate "2013.11.20"]
[SourceQuality "1"]

1. d4 Nf6 2. Bf4 d5 3. e3 e6 4. Nf3 Bd6 5. Ne5 0-0 6. c3 c5 7. Nd2 Bxe5 8. Bxe5 Nfd7 9. Bg3 Nc6 10. Bd3 b6 11. f4 Bb7 12. Qh5 g6 13. Qe2 Qf6 14. Nf3 Qg7 15. 0-0-0 c4 16. Bc2 b5 17. Rdg1 a5 18. Be1 b4 19. h4 Rfb8 20. h5 Bc8 21. hxg6 fxg6 22. Ng5 Nf6 23. e4 b3 24. axb3 cxb3 25. Bb1 a4 26. e5 Nh5 27. Rxh5 gxh5 28. Bxh7+ Kf8 29. Qxh5 a3 30. bxa3 b2+ 31. Kd2 b1Q 32. Bxb1 Rxb1 33. Nh7+ Ke7 34. Bh4+ Kd7 35. Rxb1 Qxg2+ 36. Qe2 Qxe2+ 37. Kxe2 Rxa3 38. Nf6+ Kc7 39. Rc1 Ba6+ 40. Ke3 Nb4 41. Ne8+ Kd7 42. Nf6+ Kc7 43. Bg5 Na2 44. Rc2 Rxc3+ 45. Rxc3+ Nxc3 46. Ne8+ Kd7 47. Ng7 Ne4 48. Bh4 Bf1 49. f5 exf5 50. Nxf5 Bh3 51. Kf4 Ke6 52. Ne3 Nc3 53. Nc2 Nb5 54. Bf2 Bf5 55. Nb4 Be4 56. Na6 Bh7 57. Nc5+ Ke7 58. Bh4+ Ke8 59. Ke3 Nc7 60. Kf4 Nb5 61. Bf2 Ke7 62. Kg5 Bg8 63. Kg6 Bf7+ 64. Kg7 Nc7 65. Bh4+ Ke8 66. Kf6 Nb5 67. Bf2 Bh5 68. Ne6 Bg4 69. Ng7+ Kd8 70. e6 Nc7 71. Ke5 Ke7 72. Bh4+ Kf8 73. Bf6 Bf3 74. e7+ Kf7 75. Nf5 Be4 76. Nd6+ 1-0

[Event "Hofheim Spring op-B 1st"]
[Site "Hofheim"]
[Date "2013.04.08"]
[Round "9"]
[White "Vaintroub, Maximilian"]
[Black "Kramer, Jaap"]
[Result "1/2-1/2"]
[WhiteElo "1681"]
[BlackElo "1903"]
[PlyCount "37"]
[EventDate "2013.04.02"]
[EventType "swiss"]
[EventRounds "9"]
[EventCountry "GER"]
[SourceTitle "EXT 2018"]
[Source "ChessBase"]
[SourceDate "2017.10.13"]
[SourceVersion "1"]
[SourceVersionDate "2017.10.13"]
[SourceQuality "1"]

1. e4 d5 2. exd5 Nf6 3. d4 Nxd5 4. c4 Nf6 5. Nf3 e6 6. Nc3 Be7 7. h3 0-0 8. Be3 b6 9. Be2 Bb7 10. Qc2 Nbd7 11. 0-0 Qc8 12. a3 c5 13. Rad1 cxd4 14. Nxd4 Ne5 15. Qb3 Rd8 16. Ndb5 Qc6 17. f3 Bc5 18. Nd4 Qc8 19. Na4 1/2-1/2

[Event "GER-ch U10"]
[Site "Oberhof"]
[Date "2012.06.02"]
[Round "11"]
[White "Vaintroub, Maximilian"]
[Black "Suvorov, Luca"]
[Result "1-0"]
[WhiteElo "1302"]
[BlackElo "1255"]
[PlyCount "125"]
[EventDate "2012.05.27"]
[EventType "swiss"]
[EventRounds "11"]
[EventCountry "GER"]
[SourceTitle "CBM 148 Extra"]
[Source "ChessBase"]
[SourceDate "2012.06.22"]
[SourceVersion "1"]
[SourceVersionDate "2012.06.22"]
[SourceQuality "1"]

1. e4 Nc6 2. Nf3 d6 3. d4 Bg4 4. Be3 e6 5. Nc3 d5 6. exd5 exd5 7. h3 Bh5 8. Bb5 a6 9. Be2 Nf6 10. 0-0 Be7 11. Re1 0-0 12. Nd2 Bg6 13. a3 Re8 14. Bf3 Qd7 15. Nb3 Rad8 16. Bg5 Qf5 17. Bxf6 Bxf6 18. Rxe8+ Rxe8 19. Nxd5 Qxc2 20. Nxf6+ gxf6 21. Qxc2 Bxc2 22. Nc5 Nxd4 23. Bxb7 Ne6 24. Nxa6 Nf4 25. Nb4 Bf5 26. Kf1 Nd3 27. Nxd3 Bxd3+ 28. Kg1 Rb8 29. Rd1 Rxb7 30. Rxd3 Rxb2 31. Kf1 Kf8 32. Rd7 Ra2 33. Rxc7 Rxa3 34. Ke2 Kg7 35. Re7 Kg6 36. Re3 Ra5 37. f4 f5 38. Re8 Ra2+ 39. Kf3 Ra3+ 40. Re3 Ra1 41. Kg3 Ra4 42. Rf3 Kf6 43. Kh4 Ke6 44. Kh5 Ra7 45. Re3+ Kf6 46. Kh6 Ra4 47. g3 Re4 48. Rf3 Re2 49. Kxh7 Rh2 50. h4 Re2 51. h5 Rh2 52. h6 Re2 53. Kg8 Re8+ 54. Kh7 Re2 55. Rc3 Re6 56. Rc8 Ke7 57. Rg8 Rd6 58. Rg5 Kf8 59. Rxf5 Rg6 60. Rg5 Rf6 61. f5 Rd6 62. Rg7 Rf6 63. g4 1-0